Most VFL/AFL Goals without kicking 50 in a season - Statistics

General Stats
  • This quiz has been taken 7 times
  • The average score is 9 of 15
Answer Stats
Goals Years Active Teams Player % Correct
518 1996-2016 North Brent Harvey
100%
445 2002-2020 Gee/GC Gary Ablett
100%
421 1995-2010 Bris/WB Jason Akermanis
100%
366 2000-2015 Gee/Ess Paul Chapman
86%
367 2007-2022 Port Robbie Gray
86%
464 1999-2015 Syd Adam Goodes
71%
442 1933-1951 Ess Dick Reynolds
71%
384 1993-2008 ST/Haw/Syd Peter Everitt
71%
360 1951-1970 Foots Ted Whitten
71%
377 2003-2018 Carl/NM Jarrad Waite
57%
575 1974-1992 Ess Simon Madden
57%
452 1971-1984 Fitz Gary Wilson
0%
374 1967-1980 Fits/SM/NM John Murphy
0%
370 1973-1986 Carl Rodney Ashman
0%
361 1995-2008 Syd/NM Shannon Grant
0%
No matching quizzes found
Score Distribution
Percent of People with Each Score
Percentile by Number Answered
Your Score History
You have not taken this quiz